00334nam a2200121Ia 450000500170000000800410001708200160005810000200007424500390009426000380013330000130017150000280018420240620004408.0240331s9999 xx 000 0 und d bGANa891.48 aGanesalingan, S 0aKoodduku veliye cS. Ganeshalingan aChennaibKumaran Publishersc2002 a175 p ., aA social Novel in Tamil